La ópera en Chile: 1839-1930

Guardat en:
Dades bibliogràfiques
Autor principal: Cánepa Guzmán, Mario (Autor)
Format: Llibre
Idioma:espanyol
Publicat: Santiago Del Pacífico 1976
Matèries:
Etiquetes: Afegir etiqueta
Sense etiquetes, Sigues el primer a etiquetar aquest registre!

MARC

LEADER 00000nam a2200000 a 4500
001 UCN2920
003 CL-VaPUC
008 010615e19760000CL |||||||||||||||||spa|d
082 0 4 |a 782.10983  |b CAN  |2 21 
100 |a Cánepa Guzmán, Mario  |e author  |9 459201 
245 1 3 |a La ópera en Chile: 1839-1930 
300 |a 305 p 
942 |c BK 
945 |d 20010615 00:00:00  |a crobeson 
260 |a Santiago  |b Del Pacífico  |c 1976 
650 7 |a OPERA  |2 CL-VaPUC  |9 459202 
650 0 |a Música vocal   |9 306287 
650 7 |a MUSICA HISTORIA 1839-1930  |2 CL-VaPUC  |9 459203 
651 7 |a CHILE  |2 CL-VaPUC  |9 459204 
583 |a last modification  |c 20010615 00:00:00  |k Rodrigo Vera 
999 |c 295936  |d 295934 
952 |0 0  |1 0  |4 0  |6 782_109830000000000_CAN_1976  |7 0  |8 A  |9 349389  |a BIBEDU  |b BIBEDU  |d 2019-11-20  |i 1186256  |o 782.10983 CAN 1976  |p 1186256  |r 2023-01-12  |w 2019-11-20  |y BK  |k MUS